Primeros auxilios / (Registro nro. 9408)

Detalles MARC
000 -LIDER
fixed length control field 00814nam a22002897a 4500
001 - NÚMERO DE CONTROL
Identificador de número de control 000207
003 - IDENTIFICACDOR DE NÚMERO DE CONTROL
control field DO-SdBNP
005 - DATE AND TIME OF LATEST TRANSACTION
control field 20180307114834.0
007 - CAMPOS FIJOS DE DESCRIPCIÓN FÍSICA
fixed length control field 000207
008 - ELEMENTOS DE LONGITUD FIJA
fixed length control field 151210b 1984 sp a 00| 0 spa d
020 ## - ISBN
International Standard Book Number 8426705359
040 ## - FUENTE DE CATALOGACIÓN
Agencia que crea de manera original el registro BPMSU
Idioma de catalogación spa
Agencia que realiza la transcripción BPMSU
092 ## - LOCALLY ASSIGNED DEWEY DECIMAL CALL NUMBER
Número de clasificación xxxx
Número de ítem (Cutter) xxxx
100 1# - ASIENTO PRINCIPAL -- NOMBRE PERSONAL
Nombre personal Winch, Brenda
240 10 - TITULO UNIFORME
Título uniforme First aid /
245 10 - MENCIÓN DE TITULO
Título Primeros auxilios /
Mención de responsabilidad Brenda Winch ; traducción Juan Godo Costa ; ilustraciones Paul Wrigley
260 ## - PUBLICACIÓN, DISTRIBUCIÓN, ETC. (PIE DE IMPRENTA)
Lugar de publicación, distribución, etc Barcelona ;
Nombre del editor, distribuidor, etc. Marcombo,
Fecha de publicación, distribución, etc 1984.
300 ## - DESCRIPCIÓN FÍSICA
Extensión 32 p.;
Otros detalles físicos il.
Dimensiones 30 cm.
490 1# - MENCIÓN DE SERIES
Mención de serie Biblioteca técnica juvenil
700 12 - ASIENTO SECUNDARIO -- NOMBRE PERSONAL
Nombre personal Wrigley, Paul
Mención de responsabilidad il.
700 12 - ASIENTO SECUNDARIO -- NOMBRE PERSONAL
Nombre personal Godo Costa, Juan
Mención de responsabilidad trad.
830 #0 - ASIENTO SECUNDARIO DE SERIE--TÍTULO UNIFORME
Título uniforme Biblioteca técnica juvenil
910 ## - VALIDACIÓN
Validación 00144
942 ## - ADDED ENTRY ELEMENTS (KOHA)
Source of classification or shelving scheme Dewey Decimal Classification
Koha item type Libros
945 ## - INFORMACIÓN DE PROCESAMIENTO LOCAL
Información de procesamiento local inventariado, 2018 / dg
956 ## - LOCAL ELECTRONIC LOCATION AND ACCESS (OCLC)
Nombre de host Yngrid Lockward
Número de acceso 10
Existencias
Withdrawn status Lost status Source of classification or shelving scheme Damaged status Not for loan Home library Current library Date acquired Source of acquisition Total Checkouts Barcode Date last seen Price effective from Koha item type
    Dewey Decimal Classification     Biblioteca Pública Metropolitana Salomé Ureña Biblioteca Pública Metropolitana Salomé Ureña 03/28/2016 Donación   BPMSU16030292 03/28/2016 03/28/2016 Libros